Top 10 tallest Mountains - Statistics

General Stats
  • This quiz has been taken 33 times
    32 since last reset
  • The average score is 3 of 10
Answer Stats
Hint Answer % Correct
8,848 m Mt Everest
100%
8,611 m K2
81%
8,586 m Kangchenjunga
23%
8,516 m Lhotse
15%
8,091 Annapurna 1
12%
8,481 m Makalu
12%
8,126 m Nanga Parbat
12%
8,201 m Cho Oyu
8%
8,156 m Manaslu
8%
8,167 m Dhaulagiri 1
0%
No matching quizzes found
Score Distribution
Percent of People with Each Score
Percentile by Number Answered
Your Score History
You have not taken this quiz since the last reset